LDR 00953naa#a2200181#i#450# 001 RU\\bibl\19319 005 20260418192256.6 100 ## _a20260417b2026####ek#y0rusy0150####ca 102 ## _aRU 200 1# _aОСНОВЫ ТЕОРИИ СТРОЕНИЯ ДЕЙСТВИЙ В СПОРТЕ _eСтатья/тезисы конференции 210 1# _aВоронеж _cВоронежский государственный лесотехнический университет имени Г.Ф. Морозова _d2026 215 ## _a8 с. 608 ## _aСтатья/тезисы конференции _2local 675 ## _aФилософские и научно-теоретические основы физической культуры и спорта. 796.011 _z 700 #1 _aГригорьева _gИя Викторовна 700 #1 _aВолкова _gЕлена Григорьевна 700 #1 _aКузнецов _gИван Васильевич 856 4# _abibl.vgltu.ru _u